[Event "Gibraltar Chess Festival 2017 - Masters"]
[Site "Gibraltar ENG"]
[Date "2017.01.25"]
[Round "2.89"]
[White "Lopez Mulet, Inigo"]
[Black "Suez-Panama, Gilles"]
[Result "1-0"]
[WhiteElo "2304"]
[BlackElo "2010"]
[PlyCount "99"]
[EventDate "2017.01.24"]
[EventType "swiss"]
[EventRounds "10"]
[EventCountry "ENG"]
[SourceTitle "Ajedrez en Madrid"]
[Source "lmi"]
[SourceDate "2017.01.24"]

1. d4 Nf6 2. c4 g6 3. g3 Bg7 4. Bg2 O-O 5. Nc3 d6 6. Nf3 c6 7. O-O Bf5 8. Ne1
Qc8 9. e4 Bh3 10. Bxh3 Qxh3 11. f3 Nbd7 12. Nd3 e5 13. Bg5 Qe6 14. d5 Qe7 15.
f4 h6 16. Bh4 exf4 17. gxf4 Qe8 18. Qf3 cxd5 19. cxd5 Nb6 20. e5 dxe5 21. fxe5
Nh7 22. Rae1 Nc4 23. Ne4 g5 24. Bg3 Qb5 25. b3 Nb6 26. Nc3 Qd7 27. Nc5 Qc8 28.
N5e4 Nd7 29. Nd6 Qc5+ 30. Bf2 Qa3 31. Nc4 Qa6 32. Qh3 Rad8 33. e6 fxe6 34. dxe6
g4 35. Qxg4 Ndf6 36. Qg2 Rfe8 37. Bh4 Rxe6 38. Rd1 Rde8 39. Nd5 Nxd5 40. Qxd5
Kh8 41. Nd6 Rg6+ 42. Kh1 Rf8 43. Nf7+ Rxf7 44. Rxf7 Ng5 45. Bxg5 Rxg5 46. Qd8+
Kh7 47. Qd3+ Qxd3 48. Rxd3 Kg6 49. Rxb7 Bf8 50. Rg3 1-0

[Event "Gibraltar Chess Festival 2017 - Masters"]
[Site "Gibraltar ENG"]
[Date "2017.01.25"]
[Round "2.90"]
[White "Vilarnovo Caamano, Jose"]
[Black "Pourkashiyan, Atousa"]
[Result "0-1"]
[WhiteElo "2009"]
[BlackElo "2303"]
[PlyCount "84"]
[EventDate "2017.01.24"]
[EventType "swiss"]
[EventRounds "10"]
[EventCountry "ENG"]
[SourceTitle "Ajedrez en Madrid"]
[Source "lmi"]
[SourceDate "2017.01.24"]

1. e4 c5 2. Nf3 e6 3. d4 cxd4 4. Nxd4 a6 5. c4 Nf6 6. Nc3 Qc7 7. a3 b6 8. Be3
Bb7 9. f3 d6 10. Rc1 Nbd7 11. Be2 Be7 12. O-O O-O 13. b4 Rac8 14. Qb3 Rfe8 15.
Rfd1 Qb8 16. Bf2 Bd8 17. Bf1 Bc7 18. g3 h5 19. Bg2 Ne5 20. Nc2 Ba8 21. Ne3 b5
22. c5 dxc5 23. bxc5 h4 24. f4 Neg4 25. Nxg4 Nxg4 26. Rc2 Nxf2 27. Rxf2 hxg3
28. hxg3 Ba5 29. f5 Qxg3 30. fxe6 fxe6 31. Rf3 Qe5 32. Rdd3 Qxc5+ 33. Kh1 Qg5
34. Rg3 Qc1+ 35. Nd1 Re7 36. Rg6 Qc4 37. Qb1 Bxe4 38. Bxe4 Qxe4+ 39. Rg2 Qh4+
40. Rh2 Qe1+ 41. Kg2 Rf7 42. Rh1 Qe2+ 0-1

[Event "Gibraltar Chess Festival 2017 - Masters"]
[Site "Gibraltar ENG"]
[Date "2017.01.25"]
[Round "2.91"]
[White "Povah, Nigel E"]
[Black "Noordhoek, Henk"]
[Result "1/2-1/2"]
[WhiteElo "2298"]
[BlackElo "2004"]
[PlyCount "139"]
[EventDate "2017.01.24"]
[EventType "swiss"]
[EventRounds "10"]
[EventCountry "ENG"]
[SourceTitle "Ajedrez en Madrid"]
[Source "lmi"]
[SourceDate "2017.01.24"]

1. d4 Nf6 2. Bg5 e6 3. e4 c5 4. d5 d6 5. Nc3 Be7 6. Bb5+ Bd7 7. dxe6 fxe6 8. e5
dxe5 9. Bxf6 Bxf6 10. Qh5+ g6 11. Qg4 Nc6 12. O-O-O Qe7 13. Ne4 O-O-O 14. c3 a6
15. Ba4 b5 16. Bc2 Na5 17. Qf3 Bg5+ 18. Kb1 Bc6 19. Nh3 Bh6 20. b3 Nb7 21. Qg3
Nd6 22. Nxd6+ Rxd6 23. Rxd6 Qxd6 24. Rd1 Qc7 25. Qg4 Qe7 26. Be4 Bb7 27. Bxb7+
Kxb7 28. Qe4+ Ka7 29. Qxe5 Bg7 30. Qe3 Rd8 31. Rxd8 Qxd8 32. Qxc5+ Kb7 33. Kc2
Qh4 34. f4 Qg4 35. Qf2 Qf5+ 36. Kc1 Qd3 37. Qd2 Qxc3+ 38. Qxc3 Bxc3 39. Ng5 e5
40. Kc2 Ba1 41. Nxh7 exf4 42. h4 Bg7 43. Kd3 Kc6 44. Ke4 Kc5 45. a3 Bb2 46. Nf8
Bxa3 47. Nxg6 Kb4 48. h5 Bc1 49. Nxf4 Kxb3 50. h6 a5 51. g4 a4 52. g5 a3 53. g6
a2 54. g7 a1=Q 55. g8=Q+ Kc2 56. Qc8+ Kb1 57. Qc5 Qa4+ 58. Kd5 Ka2 59. Nd3 Qb3+
60. Kc6 Bxh6 61. Qf2+ Kb1 62. Qf1+ Ka2 63. Nc5 Qe3 64. Qf7+ Kb1 65. Qg6+ Kc1
66. Kxb5 Qe2+ 67. Kc6 Qf3+ 68. Kb5 Qe2+ 69. Kc6 Qf3+ 70. Kb5 1/2-1/2

[Event "Gibraltar Chess Festival 2017 - Masters"]
[Site "Gibraltar ENG"]
[Date "2017.01.25"]
[Round "2.92"]
[White "Byrn, Carsten"]
[Black "Loh, Zachary"]
[Result "0-1"]
[WhiteElo "2003"]
[BlackElo "2291"]
[PlyCount "64"]
[EventDate "2017.01.24"]
[EventType "swiss"]
[EventRounds "10"]
[EventCountry "ENG"]
[SourceTitle "Ajedrez en Madrid"]
[Source "lmi"]
[SourceDate "2017.01.24"]

1. c4 g6 2. g3 Bg7 3. Bg2 e5 4. Nc3 d6 5. Nf3 f5 6. d4 e4 7. Ng5 Nf6 8. h4 Qe7
9. Nh3 c6 10. Bg5 h6 11. Bxf6 Qxf6 12. e3 Be6 13. Bf1 Nd7 14. Be2 Nb6 15. b3 a6
16. Nf4 Bf7 17. Qd2 c5 18. O-O-O O-O-O 19. Kb1 d5 20. Ncxd5 Bxd5 21. Nxd5 Nxd5
22. cxd5 Rxd5 23. Qa5 Rhd8 24. Bc4 R5d6 25. Qxc5+ Kb8 26. Rd2 Rb6 27. Rc1 Bf8
28. Qd5 Rxd5 29. Bxd5 Ba3 30. Rc4 Qd6 31. Bf7 Qf8 32. Bd5 Rd6 0-1

[Event "Gibraltar Chess Festival 2017 - Masters"]
[Site "Gibraltar ENG"]
[Date "2017.01.25"]
[Round "2.93"]
[White "Press, Shaun"]
[Black "Bergstrom, Rolf"]
[Result "0-1"]
[WhiteElo "1970"]
[BlackElo "2268"]
[PlyCount "54"]
[EventDate "2017.01.24"]
[EventType "swiss"]
[EventRounds "10"]
[EventCountry "ENG"]
[SourceTitle "Ajedrez en Madrid"]
[Source "lmi"]
[SourceDate "2017.01.24"]

1. e4 c5 2. Nc3 e6 3. g3 d5 4. exd5 exd5 5. Bg2 Nf6 6. d3 d4 7. Ne4 Nxe4 8.
Bxe4 Nd7 9. Ne2 Nf6 10. Bg2 Bd6 11. O-O O-O 12. Bf4 Bg4 13. Bxd6 Qxd6 14. h3
Bd7 15. Qd2 Nd5 16. c4 dxc3 17. Nxc3 Nb4 18. Rad1 Bf5 19. Ne4 Qb6 20. d4 c4 21.
g4 Bg6 22. Nc5 Nd3 23. b3 Rad8 24. Qc3 Nf4 25. Qxc4 h5 26. d5 Qf6 27. Rd4 Qxd4
0-1

[Event "Gibraltar Chess Festival 2017 - Masters"]
[Site "Gibraltar ENG"]
[Date "2017.01.25"]
[Round "2.94"]
[White "Bach, Matthias"]
[Black "Broekman, Willem"]
[Result "1/2-1/2"]
[WhiteElo "2264"]
[BlackElo "1997"]
[PlyCount "55"]
[EventDate "2017.01.24"]
[EventType "swiss"]
[EventRounds "10"]
[EventCountry "ENG"]
[SourceTitle "Ajedrez en Madrid"]
[Source "lmi"]
[SourceDate "2017.01.24"]

1. d4 e6 2. c4 f5 3. g4 fxg4 4. Bf4 Nf6 5. h3 Bb4+ 6. Nc3 c5 7. Bg2 Qa5 8. dxc5
Qxc5 9. e3 Nc6 10. hxg4 Bxc3+ 11. bxc3 Qxc4 12. g5 Qxc3+ 13. Kf1 Qc4+ 14. Ne2
Nd5 15. Bxd5 exd5 16. Rc1 Qe4 17. Ng3 Qe6 18. Qd3 g6 19. Rh6 Ne7 20. Kg2 O-O
21. Rch1 Rf7 22. f3 d4 23. Ne4 Qxa2+ 24. Kg1 Qa1+ 25. Kg2 Qa2+ 26. Kg1 Qa1+ 27.
Kg2 Qb2+ 28. Kg1 1/2-1/2

[Event "Gibraltar Chess Festival 2017 - Masters"]
[Site "Gibraltar ENG"]
[Date "2017.01.25"]
[Round "2.95"]
[White "Gillis Onieva, Celia"]
[Black "Kantane, Anna"]
[Result "1/2-1/2"]
[WhiteElo "1966"]
[BlackElo "2259"]
[PlyCount "66"]
[EventDate "2017.01.24"]
[EventType "swiss"]
[EventRounds "10"]
[EventCountry "ENG"]
[SourceTitle "Ajedrez en Madrid"]
[Source "lmi"]
[SourceDate "2017.01.24"]

1. Nf3 Nf6 2. c4 g6 3. Nc3 Bg7 4. g3 O-O 5. Bg2 d6 6. O-O e5 7. d3 Nc6 8. Nd2
a5 9. Rb1 Nd7 10. a3 f5 11. b4 axb4 12. axb4 e4 13. b5 Na5 14. Nd5 exd3 15.
exd3 Nc5 16. Nf3 Be6 17. Nf4 Bf7 18. Bb2 Bxb2 19. Rxb2 g5 20. Ne2 d5 21. Ne5
dxc4 22. Nxf7 Rxf7 23. dxc4 c6 24. Qxd8+ Rxd8 25. bxc6 bxc6 26. Ra2 Ncb3 27.
Nc1 Nxc1 28. Rxc1 Nb3 29. Rb1 Nd4 30. Rb6 Rc7 31. Raa6 c5 32. Bd5+ Kg7 33. Rb7
Rxb7 1/2-1/2

[Event "Gibraltar Chess Festival 2017 - Masters"]
[Site "Gibraltar ENG"]
[Date "2017.01.25"]
[Round "2.96"]
[White "De Francesco, Klaus"]
[Black "Burke, Mitchell R"]
[Result "1/2-1/2"]
[WhiteElo "2252"]
[BlackElo "1975"]
[PlyCount "89"]
[EventDate "2017.01.24"]
[EventType "swiss"]
[EventRounds "10"]
[EventCountry "ENG"]
[SourceTitle "Ajedrez en Madrid"]
[Source "lmi"]
[SourceDate "2017.01.24"]

1. d4 Nf6 2. Nf3 d6 3. c4 Nbd7 4. Nc3 e5 5. e4 g6 6. d5 a5 7. h3 Bg7 8. Be3 O-O
9. g4 b6 10. Be2 Nc5 11. Nd2 Ne8 12. Nb3 f5 13. gxf5 gxf5 14. Nxc5 bxc5 15.
exf5 Bxf5 16. Bg4 Rb8 17. Bxf5 Rxf5 18. Qc2 Qc8 19. Ne4 Rh5 20. O-O-O Qf5 21.
h4 Bf6 22. Rdg1+ Kf8 23. Ng5 Qxc2+ 24. Kxc2 Ng7 25. Rg4 Nf5 26. Ne6+ Ke7 27.
Nxc7 Rxh4 28. Rhxh4 Bxh4 29. Nb5 Bf6 30. Kd3 h5 31. Rg1 h4 32. Ke4 Nxe3 33.
fxe3 Rh8 34. Nc3 h3 35. Rh1 h2 36. Ne2 Rh3 37. Nc3 Bh4 38. Nd1 Kf6 39. Kd3 Kf5
40. Ke2 Kg4 41. Nf2+ Bxf2 42. Kxf2 Rf3+ 43. Ke2 Rh3 44. Kf2 Rf3+ 45. Ke2
1/2-1/2

[Event "Gibraltar Chess Festival 2017 - Masters"]
[Site "Gibraltar ENG"]
[Date "2017.01.25"]
[Round "2.97"]
[White "Skutta, Bernd"]
[Black "Bannink, Bernard"]
[Result "1-0"]
[WhiteElo "1957"]
[BlackElo "2244"]
[PlyCount "105"]
[EventDate "2017.01.24"]
[EventType "swiss"]
[EventRounds "10"]
[EventCountry "ENG"]
[SourceTitle "Ajedrez en Madrid"]
[Source "lmi"]
[SourceDate "2017.01.24"]

1. d4 d5 2. Bf4 Nf6 3. e3 c5 4. c3 Nc6 5. Nd2 Qb6 6. Qb3 c4 7. Qc2 g6 8. e4 e6
9. Ngf3 Bg7 10. Be2 Nh5 11. Be3 Qc7 12. e5 f5 13. g4 fxg4 14. Ng5 Ne7 15. Bxg4
Nf5 16. Bxh5 gxh5 17. Qd1 h4 18. Qh5+ Kf8 19. Nxh7+ Kg8 20. Rg1 Qf7 21. Nf6+
Kf8 22. Qxf7+ Kxf7 23. Bg5 b5 24. Nf3 Rb8 25. Rg4 h3 26. Nh4 b4 27. O-O-O bxc3
28. bxc3 Bf8 29. Kc2 Ba3 30. Rb1 Rxb1 31. Kxb1 Ba6 32. Nd7 Rg8 33. Nxf5 exf5
34. Rg3 Bc8 35. Nf6 f4 36. Bxf4 Bf5+ 37. Ka1 Rb8 38. e6+ Kxf6 39. Bxb8 Kxe6 40.
Re3+ Kf6 41. Be5+ Kf7 42. Rg3 Bd7 43. Rg7+ Ke6 44. Rg6+ Kf5 45. Ra6 Bc1 46.
Rxa7 Be6 47. Kb1 Bd2 48. Kc2 Be1 49. a4 Ke4 50. a5 Kf3 51. a6 Bf5+ 52. Kb2 Ke2
53. Rg7 1-0

[Event "Gibraltar Chess Festival 2017 - Masters"]
[Site "Gibraltar ENG"]
[Date "2017.01.25"]
[Round "2.98"]
[White "Cordes, Hans-Joerg"]
[Black "Odeh, Kenneth"]
[Result "1-0"]
[WhiteElo "2242"]
[BlackElo "1969"]
[PlyCount "109"]
[EventDate "2017.01.24"]
[EventType "swiss"]
[EventRounds "10"]
[EventCountry "ENG"]
[SourceTitle "Ajedrez en Madrid"]
[Source "lmi"]
[SourceDate "2017.01.24"]

1. d4 Nf6 2. c4 g6 3. Nc3 d5 4. cxd5 Nxd5 5. e4 Nxc3 6. bxc3 Bg7 7. Bc4 c5 8.
Ne2 O-O 9. O-O Nc6 10. Be3 Bg4 11. f3 cxd4 12. cxd4 Na5 13. Bd3 Be6 14. Rc1
Bxa2 15. Qa4 Bb3 16. Qb4 b6 17. Bg5 f6 18. Bf4 e5 19. Bg3 Bf7 20. Ba6 Re8 21.
Rfd1 Qe7 22. Qxe7 Rxe7 23. dxe5 fxe5 24. Bh4 Ree8 25. Rc7 Be6 26. Nc3 h6 27.
Be7 Nb3 28. Bb7 Rab8 29. Nd5 Nc5 30. Bxc5 bxc5 31. Ne7+ Kh7 32. Nc6 Rxb7 33.
Rxb7 c4 34. Nd8 Kg8 35. Nxe6 Rxe6 36. Rd8+ Bf8 37. Rxa7 c3 38. Raa8 Rf6 39.
Rac8 Kg7 40. Rd7+ Rf7 41. Rxf7+ Kxf7 42. Rxc3 Kf6 43. Rc6+ Kg5 44. g3 h5 45.
Kg2 Ba3 46. h4+ Kh6 47. Kh3 Bb4 48. g4 Bd2 49. Rc7 hxg4+ 50. Kxg4 Bf4 51. Rc3
Kg7 52. h5 gxh5+ 53. Kxh5 Kf7 54. Kg4 Ke7 55. Kf5 1-0

[Event "Gibraltar Chess Festival 2017 - Masters"]
[Site "Gibraltar ENG"]
[Date "2017.01.25"]
[Round "2.99"]
[White "Boerkamp, Harry"]
[Black "Renteria, Jorge"]
[Result "0-1"]
[WhiteElo "1955"]
[BlackElo "2242"]
[PlyCount "94"]
[EventDate "2017.01.24"]
[EventType "swiss"]
[EventRounds "10"]
[EventCountry "ENG"]
[SourceTitle "Ajedrez en Madrid"]
[Source "lmi"]
[SourceDate "2017.01.24"]

1. e4 c5 2. d4 cxd4 3. c3 d3 4. c4 d6 5. Bxd3 Nf6 6. Nc3 g6 7. Nf3 Bg4 8. h3
Bxf3 9. Qxf3 Nc6 10. Qd1 Bg7 11. Be3 O-O 12. Rc1 Rc8 13. b3 Nd7 14. Bb1 Qa5 15.
Qd2 a6 16. O-O Rfe8 17. Rfd1 b5 18. cxb5 axb5 19. Ne2 b4 20. f4 Red8 21. Qe1
Na7 22. a4 Nc5 23. Bxc5 Rxc5 24. Bd3 Nc6 25. Bc4 Qb6 26. Qf2 Rc8 27. e5 Na5 28.
exd6 exd6 29. Bd5 Rxc1 30. Nxc1 Qc7 31. f5 Qe7 32. fxg6 hxg6 33. Rf1 Rc7 34.
Qb6 Rc5 35. Bxf7+ Kh7 36. Qxb4 Qe3+ 37. Kh1 Rxc1 38. Bxg6+ Kxg6 39. Qg4+ Kh7
40. Qh5+ Qh6 41. Qf5+ Kh8 42. b4 Nb3 43. a5 Rxf1+ 44. Qxf1 Qc1 45. Qxc1 Nxc1
46. g4 Bc3 47. a6 Bd4 0-1

[Event "Gibraltar Chess Festival 2017 - Masters"]
[Site "Gibraltar ENG"]
[Date "2017.01.25"]
[Round "2.100"]
[White "Serarols Mabras, Bernat"]
[Black "Roman Lopez, Jesus"]
[Result "1-0"]
[WhiteElo "2242"]
[BlackElo "1962"]
[PlyCount "61"]
[EventDate "2017.01.24"]
[EventType "swiss"]
[EventRounds "10"]
[EventCountry "ENG"]
[SourceTitle "Ajedrez en Madrid"]
[Source "lmi"]
[SourceDate "2017.01.24"]

1. d4 d5 2. c4 dxc4 3. e4 e5 4. Nf3 exd4 5. Bxc4 Bb4+ 6. Nbd2 Nc6 7. O-O Nf6 8.
e5 Nd5 9. Nb3 Bg4 10. Nbxd4 O-O 11. Nxc6 bxc6 12. Qe2 Qe7 13. a3 Bc5 14. Re1
Rad8 15. Bd3 Bh5 16. h3 Rfe8 17. g4 Bg6 18. Bxg6 hxg6 19. Qc2 Rb8 20. Bg5 Qf8
21. b4 Bb6 22. Qxc6 Ne7 23. Qe4 f5 24. exf6 gxf6 25. Bd2 Rbd8 26. Bc3 Qf7 27.
Rad1 Rxd1 28. Rxd1 Qb3 29. Rd3 Qa2 30. Rd2 Qxa3 31. Qe6+ 1-0

[Event "Gibraltar Chess Festival 2017 - Masters"]
[Site "Gibraltar ENG"]
[Date "2017.01.25"]
[Round "2.101"]
[White "Cramling Bellon, Anna"]
[Black "Weisbuch, Udi"]
[Result "0-1"]
[WhiteElo "1954"]
[BlackElo "2240"]
[PlyCount "66"]
[EventDate "2017.01.24"]
[EventType "swiss"]
[EventRounds "10"]
[EventCountry "ENG"]
[SourceTitle "Ajedrez en Madrid"]
[Source "lmi"]
[SourceDate "2017.01.24"]

1. d4 Nf6 2. Nf3 g6 3. Bf4 d6 4. h3 Bg7 5. e3 O-O 6. Be2 Nc6 7. Bh2 Nd7 8. O-O
e5 9. c3 Kh8 10. a4 f5 11. Na3 Qe7 12. Rb1 h6 13. b4 g5 14. Nd2 Nf6 15. Re1 Be6
16. b5 Nd8 17. c4 Nf7 18. Nc2 Rad8 19. a5 g4 20. hxg4 Nxg4 21. Bg3 h5 22. f4 h4
23. Bf2 Nfh6 24. Bf3 Bf6 25. Nf1 Bxc4 26. Bxb7 Qg7 27. Bf3 e4 28. Be2 Rg8 29.
g3 Bf7 30. Bxg4 Nxg4 31. Qe2 Qh6 32. Nb4 Nh2 33. Rec1 Nf3+ 0-1

[Event "Gibraltar Chess Festival 2017 - Masters"]
[Site "Gibraltar ENG"]
[Date "2017.01.25"]
[Round "2.102"]
[White "Vea, Odin Blikra"]
[Black "Green, Per"]
[Result "1-0"]
[WhiteElo "2234"]
[BlackElo "1956"]
[PlyCount "63"]
[EventDate "2017.01.24"]
[EventType "swiss"]
[EventRounds "10"]
[EventCountry "ENG"]
[SourceTitle "Ajedrez en Madrid"]
[Source "lmi"]
[SourceDate "2017.01.24"]

1. e4 e6 2. d4 d5 3. Nd2 Nf6 4. e5 Nfd7 5. Bd3 c5 6. c3 Nc6 7. Ne2 cxd4 8. cxd4
f6 9. exf6 Nxf6 10. O-O Bd6 11. Nf3 Qc7 12. Bg5 O-O 13. Bh4 Nh5 14. Qc2 h6 15.
Bh7+ Kh8 16. Bg6 Rxf3 17. Bxh5 Bxh2+ 18. Kh1 Rf8 19. f4 Bxf4 20. Nxf4 Rxf4 21.
Bg3 Rxf1+ 22. Rxf1 Qd8 23. Rf7 Nxd4 24. Qf2 Nf5 25. Be5 Qg5 26. g4 b6 27. Bf4
Qh4+ 28. Qxh4 Nxh4 29. Be5 Ba6 30. Rxg7 Rc8 31. Rxa7+ Kg8 32. Bf7+ 1-0

[Event "Gibraltar Chess Festival 2017 - Masters"]
[Site "Gibraltar ENG"]
[Date "2017.01.25"]
[Round "2.103"]
[White "Obiamiwe, Paul"]
[Black "Damia, Angelo"]
[Result "0-1"]
[WhiteElo "1926"]
[BlackElo "2233"]
[PlyCount "112"]
[EventDate "2017.01.24"]
[EventType "swiss"]
[EventRounds "10"]
[EventCountry "ENG"]
[SourceTitle "Ajedrez en Madrid"]
[Source "lmi"]
[SourceDate "2017.01.24"]

1. Nf3 d5 2. d4 Nf6 3. c4 e6 4. Nc3 Be7 5. Bg5 Nbd7 6. e3 h6 7. Bh4 O-O 8. Be2
dxc4 9. Bxc4 a6 10. a4 b6 11. O-O Bb7 12. Qe2 Ne4 13. Bxe7 Nxc3 14. bxc3 Qxe7
15. Rfb1 e5 16. Ne1 Rfe8 17. Qf1 Nf6 18. Nf3 Bxf3 19. gxf3 e4 20. f4 Qd7 21.
Kh1 Qg4 22. Be2 Qh4 23. Qg2 Nd5 24. Rg1 Qf6 25. Rac1 c6 26. Bg4 Rad8 27. Bf5 g6
28. Bxe4 Qe6 29. Bf3 b5 30. Bg4 Qf6 31. c4 Ne7 32. cxb5 cxb5 33. axb5 axb5 34.
Rc5 Rb8 35. Bd7 Red8 36. Bxb5 Nf5 37. Bc4 Nh4 38. Qg3 Rbc8 39. Rxc8 Rxc8 40.
Bd5 Kg7 41. Rd1 Nf5 42. Qg2 Rc2 43. Kg1 Nxe3 44. fxe3 Rxg2+ 45. Bxg2 g5 46. Rf1
Qe6 47. e4 Qb6 48. Rd1 Qb3 49. Rf1 Qe3+ 50. Kh1 gxf4 51. d5 Kf6 52. Bf3 Qd2 53.
Rd1 Qf2 54. Bg4 h5 55. e5+ Kg5 56. e6 hxg4 0-1

[Event "Gibraltar Chess Festival 2017 - Masters"]
[Site "Gibraltar ENG"]
[Date "2017.01.25"]
[Round "2.104"]
[White "Bujnoch, Radek"]
[Black "Van Kemenade, Rudy"]
[Result "1-0"]
[WhiteElo "2233"]
[BlackElo "1955"]
[PlyCount "87"]
[EventDate "2017.01.24"]
[EventType "swiss"]
[EventRounds "10"]
[EventCountry "ENG"]
[SourceTitle "Ajedrez en Madrid"]
[Source "lmi"]
[SourceDate "2017.01.24"]

1. e4 e5 2. Nf3 Nf6 3. Nxe5 d6 4. Nf3 Nxe4 5. Nc3 d5 6. Qe2 Be7 7. Nxe4 dxe4 8.
Qxe4 O-O 9. Bc4 Bd6 10. O-O Re8 11. Qd3 Qf6 12. Qc3 Qg6 13. d4 Nc6 14. h3 Nb4
15. a3 b5 16. Bxb5 Nd5 17. Qb3 Be6 18. c4 Rab8 19. Qd1 Rxb5 20. cxb5 Bxh3 21.
Nh4 Qe4 22. gxh3 Qxh4 23. Qg4 Qf6 24. Bg5 Qg6 25. Rfe1 Rf8 26. Bd2 Qf6 27. Re4
Kh8 28. Rae1 Qd8 29. Qf3 Qd7 30. a4 Ne7 31. Bf4 Bb4 32. Rc1 Nd5 33. Be5 f6 34.
Bh2 g5 35. Rc6 Bd6 36. Bxd6 cxd6 37. Qg3 Nf4 38. Kh2 d5 39. Rxf4 gxf4 40. Qxf4
Qg7 41. Rc7 Qg6 42. Qg4 Qh6 43. Rc8 f5 44. Qxf5 1-0

[Event "Gibraltar Chess Festival 2017 - Masters"]
[Site "Gibraltar ENG"]
[Date "2017.01.25"]
[Round "2.105"]
[White "Robson, Paul E"]
[Black "Heinemann, Josefine"]
[Result "0-1"]
[WhiteElo "1897"]
[BlackElo "2227"]
[PlyCount "76"]
[EventDate "2017.01.24"]
[EventType "swiss"]
[EventRounds "10"]
[EventCountry "ENG"]
[SourceTitle "Ajedrez en Madrid"]
[Source "lmi"]
[SourceDate "2017.01.24"]

1. e4 c5 2. Nf3 d6 3. d4 cxd4 4. Nxd4 Nf6 5. Nc3 a6 6. h3 e5 7. Nb3 b5 8. Bg5
Nbd7 9. Nd5 Bb7 10. Bd3 Bxd5 11. exd5 Be7 12. Bxf6 Bxf6 13. O-O g6 14. a4 e4
15. Re1 O-O 16. Bxe4 Bxb2 17. Ra2 Bc3 18. Re3 b4 19. Nd4 Qb6 20. Ne2 Bg7 21. a5
Qc5 22. Nc1 Rfe8 23. Nb3 Qa7 24. Re2 Bc3 25. g4 Nf6 26. Bf3 Rxe2 27. Qxe2 Re8
28. Qd3 Nd7 29. Kg2 Ne5 30. Qe2 Re7 31. Be4 Qd7 32. Qxa6 f5 33. f4 fxg4 34.
fxe5 gxh3+ 35. Kh1 Qg4 36. Qd3 Rxe5 37. Qf3 Qh4 38. Kh2 Rxe4 0-1

[Event "Gibraltar Chess Festival 2017 - Masters"]
[Site "Gibraltar ENG"]
[Date "2017.01.25"]
[Round "2.106"]
[White "Pinho, Paulo"]
[Black "Tranter, Stephen"]
[Result "1-0"]
[WhiteElo "2220"]
[BlackElo "1950"]
[PlyCount "59"]
[EventDate "2017.01.24"]
[EventType "swiss"]
[EventRounds "10"]
[EventCountry "ENG"]
[SourceTitle "Ajedrez en Madrid"]
[Source "lmi"]
[SourceDate "2017.01.24"]

1. d4 e6 2. c4 f5 3. g3 Nf6 4. Bg2 Be7 5. Nc3 O-O 6. Nf3 d6 7. O-O a5 8. b3 Ne4
9. Bb2 Nxc3 10. Bxc3 Bf6 11. Re1 c5 12. Qd2 Nc6 13. Rad1 Qc7 14. d5 Bxc3 15.
Qxc3 exd5 16. Rxd5 Be6 17. Rd2 Rad8 18. Ng5 Bc8 19. Nh3 Qe7 20. Nf4 Qe5 21. Qc1
g5 22. Nd5 f4 23. Nc3 Nd4 24. e3 Rde8 25. Ne4 fxg3 26. exd4 gxf2+ 27. Rxf2 Qxd4
28. Qxg5+ Kh8 29. Qd2 Qg7 30. Rxf8+ 1-0

[Event "Gibraltar Chess Festival 2017 - Masters"]
[Site "Gibraltar ENG"]
[Date "2017.01.25"]
[Round "2.107"]
[White "Ramirez Leyva, Freddy"]
[Black "Gluckman, David"]
[Result "0-1"]
[WhiteElo "1862"]
[BlackElo "2215"]
[PlyCount "44"]
[EventDate "2017.01.24"]
[EventType "swiss"]
[EventRounds "10"]
[EventCountry "ENG"]
[SourceTitle "Ajedrez en Madrid"]
[Source "lmi"]
[SourceDate "2017.01.24"]

1. Nf3 e6 2. d4 f5 3. g3 Nf6 4. Bg2 d5 5. c4 c6 6. O-O Bd6 7. b3 Qe7 8. Bb2 O-O
9. Nbd2 Bd7 10. Ne5 Be8 11. f3 Nbd7 12. e4 Bh5 13. Qc2 fxe4 14. fxe4 Nxe5 15.
dxe5 Bc5+ 16. Kh1 Ng4 17. Rxf8+ Rxf8 18. h3 Ne3 19. Qd3 dxc4 20. bxc4 Rd8 21.
Qc3 Nxg2 22. Kxg2 Bb4 0-1

[Event "Gibraltar Chess Festival 2017 - Masters"]
[Site "Gibraltar ENG"]
[Date "2017.01.25"]
[Round "2.108"]
[White "Gluckman, Paul"]
[Black "Verneuil, Pascal"]
[Result "0-1"]
[WhiteElo "1831"]
[BlackElo "2215"]
[PlyCount "50"]
[EventDate "2017.01.24"]
[EventType "swiss"]
[EventRounds "10"]
[EventCountry "ENG"]
[SourceTitle "Ajedrez en Madrid"]
[Source "lmi"]
[SourceDate "2017.01.24"]

1. e4 c5 2. Nf3 Nc6 3. d4 cxd4 4. Nxd4 e6 5. Nc3 Qc7 6. Be2 a6 7. O-O Nf6 8.
Re1 Bb4 9. Nxc6 bxc6 10. Qd4 Bd6 11. g3 O-O 12. Bg5 e5 13. Qd2 Be7 14. Rad1 Rb8
15. Bxf6 Bxf6 16. Na4 Be7 17. a3 d6 18. Qc3 Be6 19. Bc4 Bd7 20. Bb3 Kh8 21. Qd3
f5 22. Qxa6 fxe4 23. Rxe4 d5 24. Ree1 Bg5 25. Rd3 Bc8 0-1

[Event "Gibraltar Chess Festival 2017 - Masters"]
[Site "Gibraltar ENG"]
[Date "2017.01.25"]
[Round "2.109"]
[White "Villar Reymundo, Juan Antonio"]
[Black "Miracola, Giorgia"]
[Result "1/2-1/2"]
[WhiteElo "2212"]
[BlackElo "1924"]
[PlyCount "70"]
[EventDate "2017.01.24"]
[EventType "swiss"]
[EventRounds "10"]
[EventCountry "ENG"]
[SourceTitle "Ajedrez en Madrid"]
[Source "lmi"]
[SourceDate "2017.01.24"]

1. d4 g6 2. c4 Bg7 3. e4 Nc6 4. Be3 e5 5. Ne2 d6 6. Nbc3 Nge7 7. d5 Nb8 8. g3
O-O 9. Bg2 Nd7 10. O-O f5 11. f4 exf4 12. Nxf4 Ne5 13. Qe2 fxe4 14. Nxe4 Bg4
15. Qc2 Nf5 16. Bf2 Nh4 17. Be3 Nxg2 18. Kxg2 Bf5 19. Ne6 Bxe6 20. dxe6 Qe7 21.
Rae1 Qxe6 22. b3 Rxf1 23. Rxf1 Nc6 24. Bg1 Re8 25. Ng5 Qg4 26. Nf3 Nd4 27. Bxd4
Bxd4 28. h3 Qe4 29. Qxe4 Rxe4 30. Nxd4 Rxd4 31. Rf2 a5 32. Kf3 Rd3+ 33. Kf4 a4
34. Rb2 axb3 35. axb3 Kg7 1/2-1/2

[Event "Gibraltar Chess Festival 2017 - Masters"]
[Site "Gibraltar ENG"]
[Date "2017.01.25"]
[Round "2.110"]
[White "Lochte, Szilvia"]
[Black "Baert, Andy"]
[Result "0-1"]
[WhiteElo "1829"]
[BlackElo "2210"]
[PlyCount "76"]
[EventDate "2017.01.24"]
[EventType "swiss"]
[EventRounds "10"]
[EventCountry "ENG"]
[SourceTitle "Ajedrez en Madrid"]
[Source "lmi"]
[SourceDate "2017.01.24"]

1. d4 Nf6 2. Nf3 e6 3. Bf4 c5 4. e3 d5 5. c3 Nc6 6. Nbd2 Bd6 7. Bg3 O-O 8. Bd3
b6 9. O-O Bb7 10. Qe2 Bxg3 11. hxg3 Rc8 12. a3 g6 13. b4 Qe7 14. Rfc1 e5 15.
dxe5 Nxe5 16. Nxe5 Qxe5 17. c4 Rfd8 18. Nf3 Qe7 19. Qb2 Ba6 20. Ne5 d4 21. exd4
Rxd4 22. Re1 Qd6 23. Bf1 Bb7 24. Nf3 Bxf3 25. gxf3 h5 26. Qb3 h4 27. Kg2 Rd8
28. bxc5 bxc5 29. Rab1 hxg3 30. fxg3 Nh5 31. f4 Kh7 32. Qf3 Rd2+ 33. Re2 Nf6
34. Rb7 Kg7 35. Rxa7 Re8 36. Rxd2 Qxd2+ 37. Qf2 Qc3 38. Rd7 Nxd7 0-1